00540nam a2200193 a 4500001001300000003000900013005001700022008004100039020001000080082001300090100001800103245006800121260006100189300000900250500003500259505001000294650002400304700001800328nice12345678IN_TiNIC20260116011848.0050524s1920 wesa grp 000 0 eng  ac10000a201bRAN aRandolph, B W aArthur Douglasb Missionary on Lake Nyasa the Story of His Life aWestminsterbUniversities Mission to Centra Africac1920 a312p aincludes index and biblioraphy2 aindex aChristian-Biography1 aRandolph, B W